Contracting out (Record no. 69478)

MARC details
000 -LEADER
fixed length control field 01268cam a2200229 4500
001 - CONTROL NUMBER
control field ABS65023
008 - FIXED-LENGTH DATA ELEMENTS--GENERAL INFORMATION
fixed length control field 020208n2002 000 0 eng u
035 ## - SYSTEM CONTROL NUMBER
System control number (Sirsi) u116666
100 ## - MAIN ENTRY--PERSONAL NAME
Personal name Hewitt, J
245 ## - TITLE STATEMENT
Title Contracting out
260 ## - PUBLICATION, DISTRIBUTION, ETC.
Date of publication, distribution, etc. 2002
490 ## - SERIES STATEMENT
Series statement New Law Journal
Volume/sequential designation 152(7014) 11 January 2002, 23(1)
520 ## - SUMMARY, ETC.
Summary, etc. Outlines how to obtain an urgent exclusion order under the Landlord and Tenant Act 1954 s38(4). Describes how CPR 56 can be used to complete a lease where it is still in a draft state but the client has announced for reasons of publicity and the lease needs to completed immediately: the problem being that the lease is to be excluded from the security of tenure provisions of the 1954 Act. Under CPR 56 the High Court or any county court can grant an exclusion order irrespective of the location of the premises. Advises on avoiding last-minute errors that may affect the order as this may change the status of the tenant.
590 ## - LOCAL NOTE (RLIN)
Local note ABS
650 ## - SUBJECT ADDED ENTRY--TOPICAL TERM
Topical term or geographic name entry element EXCLUSION ORDERS
650 ## - SUBJECT ADDED ENTRY--TOPICAL TERM
Topical term or geographic name entry element LANDLORD AND TENANT ACT 1954 S38(4)
650 ## - SUBJECT ADDED ENTRY--TOPICAL TERM
Topical term or geographic name entry element CIVIL PROCEDURE RULES
650 ## - SUBJECT ADDED ENTRY--TOPICAL TERM
Topical term or geographic name entry element CIVIL PROCEDURE RULES PART 56
650 ## - SUBJECT ADDED ENTRY--TOPICAL TERM
Topical term or geographic name entry element METROPOLITAN POLICE RECEIVER V PALACE GATE PROPERTIES LTD
690 ## - LOCAL SUBJECT ADDED ENTRY--TOPICAL TERM (OCLC, RLIN)
Topical term or geographic name as entry element Dispute resolution
9 (RLIN) 6236
942 ## - ADDED ENTRY ELEMENTS (KOHA)
Suppress in OPAC 0
Holdings
Withdrawn status Lost status Source of classification or shelving scheme Damaged status Not for loan Home library Current library Shelving location Date acquired Total Checkouts Full call number Barcode Date last seen Copy number Price effective from Koha item type
    Dewey Decimal Classification     London London Journal article 08/02/2002   ABS65023 116666-1001 06/08/2019 1 06/08/2019 Journal article